Judit / (Record no. 114837)

MARC details
000 -LEADER
campo de control de longitud fija 00408nam a2200157 i 4500
001 - NÚMERO DE CONTROL
campo de control 114837
003 - IDENTIFICADOR DE NÚMERO DE CONTROL
campo de control ES-MaACL
005 - FECHA Y HORA DE LA ÚLTIMA TRANSACCIÓN
campo de control 20230906190249.0
007 - CAMPO FIJO DE DESCRIPCIÓN FÍSICA--INFORMACIÓN GENERAL
campo de control de longitud fija t|
008 - DATOS DE LONGITUD FIJA--INFORMACIÓN GENERAL
campo de control de longitud fija 070403s1959 sp ||||1| cat d
100 0# - ENTRADA PRINCIPAL--NOMBRE DE PERSONA
Nombre de persona Comamala, Romà.
9 (RLIN) 39928
245 10 - MENCIÓN DEL TÍTULO
Título Judit /
Mención de responsabilidad, etc. Romáa Comamala.
260 ## - PUBLICACIÓN, DISTRIBUCIÓN, ETC.
Lugar de publicación, distribución, etc. Barcelona :
Nombre del editor, distribuidor, etc. Miguel Arimany,
Fecha de publicación, distribución, etc. 1959.
300 ## - DESCRIPCIÓN FÍSICA
Extensión 88 p. ;
Dimensiones 24 cm.
852 ## - LOCALIZACIÓN
Ubicación ES-MaACL
Número de control de estantería C-17690
Sublocalización o colección R.44255
Holdings
Estatus retirado Estado de pérdida Estado de daño No para préstamo Biblioteca de origen Biblioteca actual Ubicación en estantería Fecha de adquisición Fuente de adquisición Total de préstamos Signatura topográfica completa Código de barras Visto por última vez Precio de reemplazo Tipo de ítem Koha
        Biblioteca del Ateneo de Madrid Biblioteca del Ateneo de Madrid Galería 17/01/2008     C-17690 1119753 23/02/2023 23/02/2023 Libro impreso